UBT Library

Man and food. (Record no. 42973)

000 -LEADER
fixed length control field 00550nam a2200241 4500
001 - CONTROL NUMBER
control field 1772312
005 - DATE AND TIME OF LATEST TRANSACTION
control field 20180221033104.0
008 - FIXED-LENGTH DATA ELEMENTS--GENERAL INFORMATION
fixed length control field 700828s1970 enkae b 001 0 eng
010 ## - LIBRARY OF CONGRESS CONTROL NUMBER
LC control number 76490009
015 ## - NATIONAL BIBLIOGRAPHY NUMBER
National bibliography number B70-11200
020 ## - INTERNATIONAL STANDARD BOOK NUMBER
International Standard Book Number 0303178884
040 ## - CATALOGING SOURCE
Original cataloging agency DLC
Transcribing agency DLC
Modifying agency DLC
041 ## - LANGUAGE CODE
Language code of text/sound track or separate title eng
080 ## - UNIVERSAL DECIMAL CLASSIFICATION NUMBER
Universal Decimal Classification number 641.1
082 00 - DEWEY DECIMAL CLASSIFICATION NUMBER
Classification number 641.1 PYK
100 1# - Rafti
Rafti 10
101 ## - Shkurtesa
Shkurtesa SHU
245 10 - TITLE STATEMENT
Title Man and food.
350 ## - PRICE (NR) (BK AM CF MU VM SE) [OBSOLETE]
Price 35/-
504 ## - BIBLIOGRAPHY, ETC. NOTE
Bibliography, etc Bibliography: p. 248-251.
906 ## - LOCAL DATA ELEMENT F, LDF (RLIN)
a 7
b cbc
c orignew
d 3
e ncip
f 19
g y-gencatlg
942 ## - ADDED ENTRY ELEMENTS (KOHA)
Source of classification or shelving scheme
Item type Books
Holdings
Withdrawn status Lost status Source of classification or shelving scheme Damaged status Not for loan Collection code Permanent location Current location Shelving location Date acquired Total Checkouts Full call number Barcode Date last seen Price effective from Koha item type
          Koleksioni i përgjithshem UBT - Lipjan UBT - Lipjan Koleksioni i përgjithshem 02/21/2018   641.1 PYK 002-2999849 02/21/2018 02/21/2018 Books
UBT Library © 2015-2024. All rights reserved University Education for Business and Technology